| 000 | 00987nam a2200229 a 4500 | ||
|---|---|---|---|
| 008 | 120416s1982 ||||||||||||||||| || u | ||
| 020 | _a0135561426 | ||
| 050 | _aHF 5415 Kot | ||
| 100 | _aKotler, Philip | ||
| 245 | 1 | 0 | _aMarketing for nonprofit organizations |
| 250 | _a2nd. ed. | ||
| 260 |
_aEnglewood Cliffs, N.J. _bPrentice-Hall _c1982 |
||
| 300 | _axv, 528 p. : ill. | ||
| 350 | _a0.00 | ||
| 490 | _aThe Prentice-Hall series in marketing | ||
| 500 | _aBibliography. | ||
| 650 | 0 | _aMARKETING--MANAGEMENT--CASE STUDIES | |
| 650 | _aNONPROFIT ORGANIZATIONS--UNITED STATES--MARKETING | ||
| 650 | _aNONPROFIT ORGANIZATIONS--UNITED STATES--MARKETING--CASE STUDIES | ||
| 995 |
_aMAIN LIBRARY OPEN ACCESS _D0.00 _e709294 _FCBU-MAIN LIBRARY (Kitwe) _H2 _I35.25 _jHF 5415 Kot _M2 _UAVAILABLE _y000392 _ZMain Library Open Access Collection |
||
| 995 |
_aBINDERY (DAMAGED) _D0.00 _e709295 _FCBU-MAIN LIBRARY (Kitwe) _H1 _I35.25 _jHF 5415 Kot _M1 _UDAMAGED _y000371 _ZMain Library Open Access Collection |
||
| 999 |
_c82641 _d82641 |
||